000 02141nam0a2200361 4500
001 RU\NLR\BIBL_A\012899570
005 20221118150045.0
010 _a978-5-17-105732-9
_bГалерея живописи на ладони
_93000
021 _aRU
_bКН-П-22-051509
_9КН-П-22-4474
035 _a(NLR Aleph) 012899570
035 _a(RuMoRGB)011166875
090 _a12576359
_c12576359
100 _a20220930d2022 u y0rusy50 ca
101 0 _arus
102 _aRU
105 _aach|z||||||z|
181 1 _ai3
_baxxe
182 1 _an
200 1 _aСальвадор Дали
_fКаракаев Б. С.
203 _aТекст
_bвизуальный
_cнепосредственный
210 _aМосква
_cОГИЗ
_cАСТ
_d2022
215 _a158 с.
_cил., цв. ил., портр., факс.
_d17
300 _aАвт. указан на обороте тит. с.
330 _a"Еще в раннем детстве я приобрел порочную привычку считать себя не таким, как все, и вести себя иначе, чем прочие смертные. Как оказалось, это золотая жила!" - сказал о себе Сальвадор Дали. Кто он - гений саморекламы, сумасшедший, шут или великий художник, с творчеством которого повезло соприкоснуться всем нам? В этой книге вы не найдете четких ответов. Вы найдете в ней новые вопросы и загадки, не этого ли хотел сам Сальвадор Дали?
333 _a16+
600 1 _aДали
_bС.
_gСальвадор
_f1904 - 1989
_2nlr_sh1
_2nlr_sh2
_3RU\NLR\AUTH\66243510
686 1 _aЩ143(4Ис)6-8Дали
700 1 _aКаракаев
_bБ. С.
_gБорис Сергеевич
702 1 _aДали
_bС.
_f1904-1989
_gСальвадор
_3RU\NLR\AUTH\774738
_4570
942 _cBOOK
980 _aNB